[Event "II Weekend Basso Veronese B"]
[Site "Casaleone ITA"]
[Date "2009.11.07"]
[Round "1"]
[White "Zanchetta, Nicola"]
[Black "Merci, Stefano"]
[Result "1/2-1/2"]
[WhiteElo "1807"]
[BlackElo "1488"]
[PlyCount "99"]
[EventDate "2009.11.07"]

1. e4 Nf6 2. Nc3 d6 3. d4 Nc6 4. f4 Bg4 5. Be2 Bxe2 6. Ngxe2 e5 7. O-O exd4 8.
Nxd4 Nxd4 9. Qxd4 Be7 10. h3 h5 11. Qb4 Rb8 12. Qa4+ Kf8 13. Qxa7 h4 14. Re1 b6
15. Nd5 Nxd5 16. exd5 Ra8 17. Qb7 Bf6 18. c3 Ra5 19. a3 Rh5 20. c4 g5 21. fxg5
Bxg5 22. Bxg5 Rxg5 23. Re4 Rg3 24. Rae1 Qg5 25. Qc8+ Kg7 26. Rg4 Rxg4 27. Qxg4
Qxg4 28. hxg4 b5 29. Rc1 Kf6 30. c5 Ke5 31. cxd6 cxd6 32. Rc7 Ra4 33. Rxf7 Rxg4
34. Kh2 Kxd5 35. Rf5+ Kc4 36. b3+ Kxb3 37. Rxb5+ Kxa3 38. Rd5 Rg6 39. Kh3 Rh6
40. Kg4 Kb4 41. Kg5 Kc4 42. Rd1 Re6 43. Kxh4 d5 44. g4 d4 45. Kg5 d3 46. Kf5
Rd6 47. g5 Kc3 48. g6 Rxg6 49. Rxd3+ Kxd3 50. Kxg6 1/2-1/2

[Event "II Weekend Basso Veronese B"]
[Site "Casaleone ITA"]
[Date "2009.11.08"]
[Round "2"]
[White "Adami, Alessandro"]
[Black "Pisani, Valerio"]
[Result "0-1"]
[WhiteElo "1521"]
[BlackElo "1771"]
[PlyCount "88"]
[EventDate "2009.11.07"]

1. e4 e6 2. d4 d5 3. Nd2 Nf6 4. e5 Nfd7 5. Ngf3 c5 6. c3 Qb6 7. Qb3 Qc7 8. Be2
f6 9. exf6 Nxf6 10. Ne5 Bd6 11. Bb5+ Nc6 12. Bxc6+ bxc6 13. Ndf3 Ba6 14. Bf4
Rb8 15. Qc2 cxd4 16. cxd4 O-O 17. Rc1 Qa5+ 18. Bd2 Bb4 19. Nxc6 Bxd2+ 20. Nxd2
Qxa2 21. Nxb8 Rxb8 22. b3 Rc8 23. Qb1 Rxc1+ 24. Qxc1 Qa5 25. f3 Qb5 26. Qd1 Qd3
27. Nf1 Qc3+ 28. Kf2 Qb2+ 29. Kg3 Nh5+ 30. Kg4 Nf6+ 31. Kh3 Bc8 32. g4 h5 33.
Ne3 Qf2 34. Re1 Nh7 35. f4 Qxf4 36. gxh5 Ng5+ 37. Kg2 Qe4+ 38. Kg3 e5 39. dxe5
Qxe5+ 40. Kg2 Qe4+ 41. Kg3 Qe5+ 42. Kg2 Bb7 43. Kg1 Qe4 44. Nf1 Nh3# 0-1

[Event "II Weekend Basso Veronese B"]
[Site "Casaleone ITA"]
[Date "2009.11.08"]
[Round "2"]
[White "Aprile, Martino"]
[Black "Renzi, Fabrizio"]
[Result "1-0"]
[WhiteElo "1695"]
[BlackElo "1473"]
[PlyCount "89"]
[EventDate "2009.11.07"]

1. e4 c5 2. Nf3 a6 3. d4 cxd4 4. Nxd4 Nc6 5. Nc3 e5 6. Nb3 Nf6 7. Bg5 Be7 8.
Qd2 O-O 9. Be2 b5 10. a3 Bb7 11. Rd1 d6 12. Bxf6 Bxf6 13. Qxd6 Qxd6 14. Rxd6
Rad8 15. Rxd8 Rxd8 16. O-O Nd4 17. Nc5 Nxe2+ 18. Nxe2 Bc8 19. Nc3 Rd2 20. Rc1
Bg5 21. Nb3 Rd8 22. Rd1 Rxd1+ 23. Nxd1 f5 24. Nc5 Be7 25. Nd3 Bf6 26. Nc3 g6
27. f3 Kf7 28. Kf2 f4 29. Nd5 Ke6 30. Nb6 Kd6 31. Nxc8+ Kc7 32. Nb4 Kxc8 33.
Nxa6 Kb7 34. Nb4 Bd8 35. Ke2 Kb6 36. Kd3 Kc5 37. Nd5 h5 38. b4+ Kd6 39. c4
bxc4+ 40. Kxc4 g5 41. h3 h4 42. a4 Kc6 43. a5 Kb7 44. Kc5 Ka6 45. Kd6 1-0

[Event "II Weekend Basso Veronese B"]
[Site "Casaleone ITA"]
[Date "2009.11.08"]
[Round "2"]
[White "Bellini, Luca"]
[Black "De Togni, Paolo"]
[Result "1-0"]
[WhiteElo "1615"]
[BlackElo "1335"]
[PlyCount "69"]
[EventDate "2009.11.07"]

1. e4 e6 2. d4 d5 3. exd5 exd5 4. Bd3 Bd6 5. Nf3 Nf6 6. h3 h6 7. O-O O-O 8. c4
c5 9. Nc3 Be7 10. Bf4 Nc6 11. Nb5 Ne8 12. Re1 a6 13. cxd5 axb5 14. dxc6 c4 15.
Be4 Qb6 16. d5 Bc5 17. Bg3 Nd6 18. Ne5 bxc6 19. dxc6 Nxe4 20. Rxe4 Be6 21. Nd7
Qxc6 22. Nxc5 Qxc5 23. Bd6 Qc6 24. Rxe6 Rad8 25. Rxh6 gxh6 26. Qg4+ Kh7 27.
Bxf8 Rxf8 28. Qf5+ Kh8 29. Qe5+ f6 30. Qf4 Kh7 31. Qf5+ Kg7 32. Rd1 Rf7 33. Rd4
Kg8 34. Rd8+ Rf8 35. Qg6+ 1-0

[Event "II Weekend Basso Veronese B"]
[Site "Casaleone ITA"]
[Date "2009.11.08"]
[Round "2"]
[White "Curto, Carlo Alberto"]
[Black "Negro, Raffaele"]
[Result "0-1"]
[WhiteElo "1467"]
[BlackElo "1844"]
[PlyCount "118"]
[EventDate "2009.11.07"]

1. e4 g6 2. d4 Bg7 3. Nf3 d6 4. Bc4 e6 5. O-O Nd7 6. c3 a6 7. a4 b6 8. Bf4 Bb7
9. Re1 Ne7 10. Qd2 h6 11. b4 g5 12. Bg3 Nf6 13. Bd3 Nh5 14. Qe2 Nf4 15. Bxf4
gxf4 16. Nfd2 Rg8 17. Qf3 Ng6 18. d5 e5 19. Be2 Nh4 20. Qh5 Bf8 21. g3 Rg5 22.
Qxh4 Bc8 23. Kh1 fxg3 24. fxg3 Be7 25. Qxh6 Rg6 26. Qh8+ Bf8 27. Bh5 Rh6 28.
Bxf7+ Kxf7 29. Rf1+ Ke7 30. Qg8 Qe8 31. Qg5+ Kd7 32. Qf5+ Ke7 33. Qf3 Bg7 34.
Na3 Qg6 35. Rf2 Bg4 36. Qe3 Rah8 37. Raf1 Ke8 38. Nf3 Bxf3+ 39. Qxf3 Rf8 40.
Qe2 Qxg3 41. Rxf8+ Bxf8 42. Rf3 Qh4 43. Nc4 Be7 44. Rf2 Bg5 45. Rg2 Rf6 46. Ne3
Qxe4 47. Qh5+ Rg6 48. Qh8+ Ke7 49. Qh7+ Kf8 50. Ng4 Bf6 51. Qd7 Be7 52. Qc8+
Kg7 53. Qd7 Kf7 54. h3 Qxd5 55. Nxe5+ Qxe5 56. Rxg6 Kxg6 57. Qg4+ Bg5 58. h4
Qe1+ 59. Kh2 Qxh4+ 0-1

[Event "II Weekend Basso Veronese B"]
[Site "Casaleone ITA"]
[Date "2009.11.08"]
[Round "2"]
[White "De Paoli, Emilio"]
[Black "Zanchetta, Nicola"]
[Result "0-1"]
[WhiteElo "1919"]
[BlackElo "1807"]
[PlyCount "106"]
[EventDate "2009.11.07"]

1. d4 d5 2. c4 e6 3. Nc3 Nf6 4. Nf3 c6 5. Bg5 Nbd7 6. c5 Be7 7. h3 Ne4 8. Bxe7
Qxe7 9. Nxe4 dxe4 10. Nd2 e3 11. Nf3 exf2+ 12. Kxf2 e5 13. e4 exd4 14. Qxd4
Qxc5 15. Bc4 Qxd4+ 16. Nxd4 Ne5 17. Be2 O-O 18. Rhd1 f5 19. exf5 Bxf5 20. Nxf5
Rxf5+ 21. Kg1 Raf8 22. Rf1 Rxf1+ 23. Rxf1 Rxf1+ 24. Kxf1 Kf7 25. Kf2 Ke6 26.
Ke3 Nf7 27. Bc4+ Kf6 28. b4 Nd6 29. Bd3 h6 30. Kd4 Ke6 31. a4 b6 32. g4 g5 33.
Be2 Nc8 34. a5 Ne7 35. a6 Kd6 36. Bf3 Ke6 37. Be2 Nd5 38. b5 c5+ 39. Kc4 Ke5
40. Kb3 Kd4 41. Bc4 Ne3 42. Be2 c4+ 43. Kb2 Kc5 44. Kc3 Nd5+ 45. Kd2 Kxb5 46.
Bf3 Kc5 47. Bg2 b5 48. Be4 Kd4 49. Bf5 b4 50. Bd7 b3 51. Bf5 c3+ 52. Kc1 Nf4
53. Bd7 Nd3+ 0-1

[Event "II Weekend Basso Veronese B"]
[Site "Casaleone ITA"]
[Date "2009.11.08"]
[Round "2"]
[White "Gioga, Michele"]
[Black "Aprile, Massimo"]
[Result "1/2-1/2"]
[WhiteElo "1680"]
[BlackElo "1461"]
[PlyCount "38"]
[EventDate "2009.11.07"]

1. d4 d5 2. Nf3 e6 3. e3 c5 4. c3 Nc6 5. Bd3 Nf6 6. Nbd2 c4 7. Bc2 a5 8. O-O b5
9. e4 dxe4 10. Nxe4 Bb7 11. Nxf6+ gxf6 12. Qe2 Ne7 13. Re1 Nd5 14. Nh4 Qc7 15.
Nf5 a4 16. Be4 O-O-O 17. Ng3 Bd6 18. Qf3 Bxg3 19. hxg3 f5 1/2-1/2

[Event "II Weekend Basso Veronese B"]
[Site "Casaleone ITA"]
[Date "2009.11.08"]
[Round "2"]
[White "Guaragno, Michele"]
[Black "Dall'Ora, Gianfranco"]
[Result "0-1"]
[WhiteElo "1891"]
[BlackElo "1715"]
[PlyCount "80"]
[EventDate "2009.11.07"]

1. e4 e5 2. Nf3 Nc6 3. Bb5 a6 4. Bxc6 dxc6 5. O-O Bg4 6. h3 h5 7. d3 Qf6 8.
hxg4 hxg4 9. Ng5 Qh6 10. f3 Bc5+ 11. d4 Bxd4+ 12. Qxd4 exd4 13. fxg4 Nf6 14.
Nh3 Qg6 15. g5 Nxe4 16. Re1 O-O-O 17. Nd2 Nxg5 18. Nxg5 Qxg5 19. Nf3 Qc5 20. b4
Qc3 21. Bd2 Qxc2 22. Re7 Rde8 23. Rae1 Kd8 24. Rxf7 Rxe1+ 25. Bxe1 Qg6 26. Rf4
d3 27. Ne5 Qe6 28. Rd4+ Kc8 29. Nxd3 Rd8 30. Rxd8+ Kxd8 31. Kf1 Qc4 32. Ke2
Qg4+ 33. Kf2 Qe4 34. Nc5 Qd4+ 35. Ke2 Kc8 36. a4 a5 37. Nd3 Qe4+ 38. Kd2 axb4
39. Bf2 Qc4 40. Be1 b3 0-1

[Event "II Weekend Basso Veronese B"]
[Site "Casaleone ITA"]
[Date "2009.11.08"]
[Round "2"]
[White "Merci, Stefano"]
[Black "Cavalleri, Giuseppe"]
[Result "0-1"]
[WhiteElo "1488"]
[BlackElo "1685"]
[PlyCount "78"]
[EventDate "2009.11.07"]

1. d4 d5 2. Nf3 Nf6 3. e3 e6 4. Bd3 c5 5. c3 Nc6 6. Nbd2 Bd6 7. O-O O-O 8. Qe2
cxd4 9. exd4 Qc7 10. h3 Re8 11. g4 e5 12. g5 exd4 13. Qd1 Ne4 14. Nxd4 Nxd4 15.
cxd4 Bxh3 16. Nxe4 dxe4 17. Bb5 Re7 18. Re1 a6 19. Re3 Bf5 20. Bf1 Qd7 21. Qh5
Bf4 22. Rc3 Bxc1 23. Raxc1 Qxd4 24. Bh3 Bxh3 25. Rxh3 h6 26. gxh6 g6 27. h7+
Kh8 28. Qg5 Qe5 29. Qxe5+ Rxe5 30. Rc7 Kg7 31. Rxb7 Rb5 32. Rxb5 axb5 33. Kf1
Kh8 34. Ra3 Rxa3 35. bxa3 Kxh7 36. Ke2 f5 37. Ke3 Kg7 38. Kd4 Kf6 39. Kd5 g5
0-1

[Event "II Weekend Basso Veronese B"]
[Site "Casaleone ITA"]
[Date "2009.11.08"]
[Round "2"]
[White "Moscato, Riccardo"]
[Black "De Biaggi, Paolo"]
[Result "0-1"]
[WhiteElo "1711"]
[BlackElo "1878"]
[PlyCount "94"]
[EventDate "2009.11.07"]

1. d4 c5 2. Nf3 cxd4 3. Nxd4 Nc6 4. Nc3 g6 5. Nxc6 bxc6 6. e4 Bg7 7. Bd2 Qb6 8.
Rb1 Ba6 9. Bxa6 Qxa6 10. Qe2 Qxe2+ 11. Nxe2 Nf6 12. f3 O-O 13. O-O d6 14. b4
Rab8 15. Rb3 Rb7 16. Rfb1 Rfb8 17. Nc3 Nd7 18. f4 Bxc3 19. Bxc3 Nb6 20. Kf2 Nc4
21. Ke2 d5 22. exd5 cxd5 23. a4 f6 24. Rd1 Rd8 25. b5 e5 26. Rb4 Rc7 27. fxe5
fxe5 28. Rd3 d4 29. Be1 Ne3 30. c3 Nxg2 31. cxd4 Nf4+ 32. Ke3 Nd5+ 33. Ke4 Nxb4
34. Bxb4 Rc4 35. Bc5 exd4 36. Bxa7 Rxa4 37. Rxd4 Re8+ 38. Kd5 Rxa7 39. b6 Rd8+
40. Ke4 Re7+ 41. Kd3 Rxd4+ 42. Kxd4 Kf7 43. Kc5 g5 44. Kc6 h5 45. b7 Re8 46.
Kc7 g4 47. b8=Q Rxb8 0-1

[Event "II Weekend Basso Veronese B"]
[Site "Casaleone ITA"]
[Date "2009.11.08"]
[Round "2"]
[White "Solinas, Roberto"]
[Black "Jimchi, Abdelaziz"]
[Result "0-1"]
[WhiteElo "1770"]
[BlackElo "1918"]
[PlyCount "66"]
[EventDate "2009.11.07"]

1. d4 Nf6 2. Nf3 d6 3. Nbd2 g6 4. e4 Bg7 5. c3 O-O 6. Bd3 Nbd7 7. O-O e5 8.
dxe5 dxe5 9. b4 Qe7 10. a4 Rd8 11. Qc2 b6 12. Ba3 Nh5 13. g3 Qf6 14. Rfe1 Bb7
15. a5 a6 16. axb6 cxb6 17. c4 Bf8 18. Bf1 Rac8 19. Bg2 Ng7 20. Nb3 Ne8 21. Qc3
Nd6 22. Nbd2 Qe6 23. Ng5 Qg4 24. Ngf3 Qe6 25. Ng5 Qf6 26. Ngf3 Nb5 27. Qb3 Nxa3
28. Rxa3 a5 29. c5 axb4 30. Ra7 Nxc5 31. Qb1 Ra8 32. Qa1 Rxa7 33. Qxa7 Ra8 0-1

[Event "II Weekend Basso Veronese B"]
[Site "Casaleone ITA"]
[Date "2009.11.08"]
[Round "2"]
[White "Steccanella, Willi"]
[Black "Oppici, Gabriele"]
[Result "0-1"]
[WhiteElo "1780"]
[BlackElo "1997"]
[PlyCount "72"]
[EventDate "2009.11.07"]

1. e4 Nc6 2. d4 e5 3. Nf3 exd4 4. Nxd4 Bb4+ 5. c3 Be7 6. Be3 d6 7. Bc4 Nf6 8.
f3 O-O 9. a4 Ne5 10. Bb3 d5 11. O-O dxe4 12. fxe4 Bg4 13. Qc2 Nfd7 14. Nf5 Bc5
15. Bd4 c6 16. Qf2 Qb6 17. Nd2 Bxf5 18. exf5 Bxd4 19. cxd4 Ng4 20. Qf4 Ngf6 21.
a5 Qb4 22. Ra4 Qe7 23. Nf3 Qe4 24. Qxe4 Nxe4 25. Rb4 Nd6 26. Ne5 Nf6 27. a6
bxa6 28. Nxc6 Rfe8 29. Ne5 Rab8 30. Rxb8 Rxb8 31. Ba4 Rxb2 32. Ra1 Nxf5 33. Nf3
Ne3 34. Re1 Rxg2+ 35. Kh1 Nfg4 36. Rg1 Nf2# 0-1

[Event "II Weekend Basso Veronese B"]
[Site "Casaleone ITA"]
[Date "2009.11.08"]
[Round "2"]
[White "Turazza, Andrea"]
[Black "Rondelli, Roberto"]
[Result "1-0"]
[WhiteElo "1822"]
[BlackElo "1533"]
[PlyCount "63"]
[EventDate "2009.11.07"]

1. Nf3 d5 2. d3 Nf6 3. g3 g6 4. Bg2 Bg7 5. Nbd2 O-O 6. O-O c5 7. e4 d4 8. Re1
Nc6 9. Nb3 Qb6 10. Bf4 Nh5 11. e5 Nxf4 12. gxf4 Bg4 13. h3 Bxf3 14. Qxf3 e6 15.
h4 Nb4 16. Re2 Nd5 17. Qg4 Rae8 18. Rb1 Bh6 19. Bxd5 exd5 20. f5 Re7 21. h5
Rfe8 22. f4 c4 23. Nd2 cxd3 24. cxd3 Rc7 25. Nf3 Qa6 26. Rd1 Rec8 27. hxg6 hxg6
28. e6 Rc1 29. Rxc1 Rxc1+ 30. Kg2 Qxd3 31. exf7+ Kxf7 32. Qxg6+ 1-0

[Event "II Weekend Basso Veronese B"]
[Site "Casaleone ITA"]
[Date "2009.11.08"]
[Round "3"]
[White "Aprile, Massimo"]
[Black "De Paoli, Emilio"]
[Result "0-1"]
[WhiteElo "1461"]
[BlackElo "1919"]
[PlyCount "86"]
[EventDate "2009.11.07"]

1. Nf3 c5 2. d3 d5 3. g3 Nf6 4. Bg2 Nc6 5. Nbd2 e5 6. O-O Bg4 7. Re1 Qd7 8. e4
dxe4 9. Nxe4 O-O-O 10. Bg5 Be7 11. Nxf6 Bxf6 12. Qd2 Qe7 13. Bxf6 gxf6 14. Qe3
h5 15. h4 Rhe8 16. a3 Kb8 17. b4 Nd4 18. Nxd4 cxd4 19. Qd2 Qd7 20. a4 Bh3 21.
Bh1 Be6 22. b5 Bd5 23. Bxd5 Qxd5 24. Qe2 Rc8 25. Qxh5 Rxc2 26. Re2 Rcc8 27. Qf5
Re6 28. Ree1 b6 29. h5 Qd8 30. Rac1 Rc3 31. Qh7 Qc7 32. Rxc3 dxc3 33. Re4 c2
34. Qg8+ Kb7 35. Rc4 Qxc4 36. dxc4 c1=Q+ 37. Kg2 Qxc4 38. h6 Qc8 39. h7 Re8 40.
Qxf7+ Ka8 41. Qd5+ Qb7 42. Qc6 Qxc6+ 43. bxc6 Kb8 0-1

[Event "II Weekend Basso Veronese B"]
[Site "Casaleone ITA"]
[Date "2009.11.08"]
[Round "3"]
[White "Bellini, Luca"]
[Black "Solinas, Roberto"]
[Result "1/2-1/2"]
[WhiteElo "1615"]
[BlackElo "1770"]
[PlyCount "149"]
[EventDate "2009.11.07"]

1. e4 c6 2. d4 d5 3. e5 Bf5 4. Bd3 Bxd3 5. Qxd3 e6 6. Nf3 Qa5+ 7. Nbd2 Qa6 8.
Qxa6 Nxa6 9. a3 c5 10. dxc5 Nxc5 11. b4 Nd7 12. c4 dxc4 13. Nxc4 Rc8 14. Nd6+
Bxd6 15. exd6 Ngf6 16. Bf4 O-O 17. O-O Rc2 18. Bg5 Rfc8 19. Nd4 R2c4 20. Nb5 a6
21. Nc7 Ne8 22. Nxe8 Rxe8 23. Rac1 Rec8 24. Rxc4 Rxc4 25. Rc1 Rxc1+ 26. Bxc1 f6
27. f4 Kf7 28. g4 Ke8 29. Be3 Nf8 30. Kf2 Kd7 31. Kf3 Kc6 32. Ke4 b6 33. f5 e5
34. h4 Nd7 35. g5 Kxd6 36. g6 hxg6 37. fxg6 Ke6 38. h5 f5+ 39. Kd3 b5 40. Bg5
Nf6 41. h6 gxh6 42. Bxh6 Ng8 43. Bg7 Kd5 44. Bh8 f4 45. Ke2 e4 46. Bb2 Ke6 47.
Kf2 Kf5 48. g7 Kg4 49. Be5 Kf5 50. Bd6 Kg4 51. Be5 Nh6 52. Bd6 f3 53. Bc5 Kf5
54. Kg3 Ke5 55. Kf2 Kd5 56. Bf8 Kd4 57. Bc5+ Kd3 58. Be3 Ng8 59. Bg5 Kc2 60.
Ke3 Kb3 61. Bh4 Kxa3 62. Kxe4 Kxb4 63. Kxf3 a5 64. Kf4 Kc5 65. Kf5 Kd5 66. Kg6
Ke6 67. Bd8 a4 68. Ba5 a3 69. Bb4 a2 70. Bc3 b4 71. Bb2 b3 72. Ba1 Ne7+ 73. Kh7
Kf7 74. Bb2 Ng8 75. Ba1 1/2-1/2

[Event "II Weekend Basso Veronese B"]
[Site "Casaleone ITA"]
[Date "2009.11.08"]
[Round "3"]
[White "Bonini, Roberto"]
[Black "Aprile, Martino"]
[Result "1/2-1/2"]
[WhiteElo "1845"]
[BlackElo "1695"]
[PlyCount "109"]
[EventDate "2009.11.07"]

1. d4 d5 2. Nf3 Nf6 3. e3 Bg4 4. c4 e6 5. Nbd2 c5 6. Qb3 Qb6 7. Qxb6 axb6 8.
cxd5 exd5 9. Ne5 Bd7 10. b3 Nc6 11. Nxd7 Nxd7 12. dxc5 bxc5 13. Bd3 Nb4 14. Bb1
Ne5 15. Ke2 c4 16. bxc4 dxc4 17. Bb2 Ned3 18. Bc3 b5 19. a4 Nd5 20. Bd4 N3b4
21. axb5 Rxa1 22. Bxa1 c3 23. e4 cxd2 24. exd5 Nxd5 25. Be4 Nf6 26. Bc6+ Kd8
27. Kxd2 Bb4+ 28. Kd3 Kc7 29. Kc4 Bd6 30. Bd4 Ra8 31. g3 Ra4+ 32. Kd3 Ra3+ 33.
Ke2 Ra2+ 34. Kf3 Ra3+ 35. Be3 Bc5 36. Rc1 Bxe3 37. fxe3 Kb6 38. Rc4 Ra1 39. Kf4
Ra7 40. Rd4 Re7 41. g4 Ne8 42. g5 Nc7 43. Rd7 Rxd7 44. Bxd7 Nxb5 45. Ke5 Nc3
46. Be8 Nd1 47. e4 Nf2 48. h4 f6+ 49. gxf6 gxf6+ 50. Kf5 Kc7 51. h5 Kd8 52. Bf7
Ke7 53. Bg8 h6 54. Bd5 Nxe4 55. Bxe4 1/2-1/2

[Event "II Weekend Basso Veronese B"]
[Site "Casaleone ITA"]
[Date "2009.11.08"]
[Round "3"]
[White "Curto, Carlo Alberto"]
[Black "Moscato, Riccardo"]
[Result "1/2-1/2"]
[WhiteElo "1467"]
[BlackElo "1711"]
[PlyCount "75"]
[EventDate "2009.11.07"]

1. e4 e6 2. d4 d5 3. exd5 exd5 4. Nf3 Nf6 5. Nc3 Be7 6. Be2 O-O 7. O-O Nbd7 8.
Bf4 c6 9. Re1 Ne4 10. Nxe4 dxe4 11. Nd2 f5 12. f3 g5 13. Be5 Nxe5 14. dxe5 Qd4+
15. Kh1 Qxe5 16. fxe4 f4 17. c3 Be6 18. Bc4 Rad8 19. Bxe6+ Qxe6 20. Qc2 g4 21.
Rf1 Bg5 22. Qb3 Rfe8 23. Qxe6+ Rxe6 24. Nb3 Rxe4 25. Rae1 Rde8 26. Rxe4 Rxe4
27. Nc1 b6 28. Rd1 Kf8 29. Kg1 f3 30. gxf3 gxf3 31. Nd3 Be3+ 32. Kh1 Bg5 33.
Rf1 Re3 34. Nf2 Bf4 35. Nd1 Rd3 36. Kg1 Be3+ 37. Nxe3 Rxe3 38. Rf2 1/2-1/2

[Event "II Weekend Basso Veronese B"]
[Site "Casaleone ITA"]
[Date "2009.11.08"]
[Round "3"]
[White "De Biaggi, Paolo"]
[Black "Dall'Ora, Gianfranco"]
[Result "1-0"]
[WhiteElo "1878"]
[BlackElo "1715"]
[PlyCount "65"]
[EventDate "2009.11.07"]

1. e4 e5 2. Nf3 Nc6 3. d4 exd4 4. Nxd4 Bc5 5. Nxc6 Qf6 6. Qd2 Qxc6 7. Bd3 Nf6
8. O-O O-O 9. Nc3 Re8 10. Qg5 d6 11. Bb5 Re5 12. Bxc6 Rxg5 13. Bxg5 bxc6 14.
Bxf6 gxf6 15. Na4 Bb6 16. Nxb6 cxb6 17. Rfd1 Be6 18. Rxd6 c5 19. Rad1 Re8 20.
Rd8 Kf8 21. a3 Ke7 22. Rxe8+ Kxe8 23. f4 Ke7 24. f5 Bc4 25. Kf2 a5 26. Ke3 a4
27. Rd2 b5 28. c3 h6 29. g4 Bb3 30. Kf3 Ba2 31. Kf4 Bc4 32. Rf2 Bd3 33. Rf3 1-0

[Event "II Weekend Basso Veronese B"]
[Site "Casaleone ITA"]
[Date "2009.11.08"]
[Round "3"]
[White "De Togni, Paolo"]
[Black "Adami, Alessandro"]
[Result "1-0"]
[WhiteElo "1335"]
[BlackElo "1521"]
[PlyCount "115"]
[EventDate "2009.11.07"]

1. Nf3 Nf6 2. d4 e6 3. e3 c5 4. b3 Be7 5. Bb2 O-O 6. Bd3 d5 7. O-O b6 8. Ne5
Bb7 9. Nd2 a6 10. Re1 Nc6 11. a3 Bd6 12. Ndf3 Bxe5 13. Nxe5 Nxe5 14. dxe5 Ne8
15. Qh5 h6 16. Bc1 Qg5 17. Qxg5 hxg5 18. e4 f6 19. exd5 exd5 20. e6 Nd6 21. f4
gxf4 22. Bxf4 Ne4 23. c4 Ng5 24. e7 Rfc8 25. Bxg5 fxg5 26. Bg6 Bc6 27. Re6 Be8
28. Bxe8 Rxe8 29. cxd5 Ra7 30. d6 Kf7 31. Rae1 b5 32. Kf2 Rd7 33. R1e3 a5 34.
R3e4 g6 35. Ke3 g4 36. Kd3 g5 37. g3 Rb7 38. R6e5 Rd7 39. Rd5 Kf6 40. Ree5 Kf7
41. Ke4 Rg8 42. Rf5+ Ke8 43. Ke5 c4 44. Rc5 Rxe7+ 45. dxe7 Kxe7 46. Rc7+ Kd8
47. Rff7 cxb3 48. Rcd7+ Ke8 49. Rd2 Rg6 50. Rb7 b4 51. a4 Rc6 52. Rbd7 Kf8 53.
Rd8+ Kg7 54. R8d7+ Kh6 55. R7d6+ Rxd6 56. Rxd6+ Kg7 57. Kf5 b2 58. Rd1 1-0

[Event "II Weekend Basso Veronese B"]
[Site "Casaleone ITA"]
[Date "2009.11.08"]
[Round "3"]
[White "Oppici, Gabriele"]
[Black "Turazza, Andrea"]
[Result "1/2-1/2"]
[WhiteElo "1997"]
[BlackElo "1822"]
[PlyCount "65"]
[EventDate "2009.11.07"]

1. d4 f5 2. Bf4 Nf6 3. Nf3 e6 4. h3 Be7 5. e3 b6 6. Nbd2 Bb7 7. Be2 Ne4 8. Nxe4
Bxe4 9. h4 c5 10. c3 Bb7 11. dxc5 Bxc5 12. Bd6 Bxd6 13. Qxd6 Qe7 14. Qc7 d6 15.
Qxe7+ Kxe7 16. O-O-O Ba6 17. Bxa6 Nxa6 18. Nd4 Nc5 19. f3 a6 20. Nc6+ Kd7 21.
Ne5+ Ke7 22. Nd3 Rac8 23. Nf2 Rhf8 24. Rhe1 Nd7 25. e4 f4 26. Nd3 Nc5 27. h5
Nxd3+ 28. Rxd3 Rc5 29. Rh1 Rf6 30. Rhd1 e5 31. Rh1 Rh6 32. Rdd1 Rc6 33. Rdg1
1/2-1/2

[Event "II Weekend Basso Veronese B"]
[Site "Casaleone ITA"]
[Date "2009.11.08"]
[Round "3"]
[White "Pisani, Valerio"]
[Black "Guaragno, Michele"]
[Result "0-1"]
[WhiteElo "1771"]
[BlackElo "1891"]
[PlyCount "106"]
[EventDate "2009.11.07"]

1. e4 c5 2. Nc3 e5 3. Bc4 Nf6 4. Nf3 d6 5. Ng5 Be6 6. Nxe6 fxe6 7. Bxe6 Nc6 8.
Bb3 Qd7 9. d3 O-O-O 10. Bg5 Be7 11. Ba4 Rdf8 12. h3 h5 13. Qd2 a6 14. Nd5 Bd8
15. c3 b5 16. Bxf6 gxf6 17. Bc2 f5 18. O-O-O f4 19. f3 h4 20. a4 Rh6 21. b4
cxb4 22. cxb4 Qa7 23. Kb1 Rg6 24. Rhg1 Kd7 25. Nc3 Nd4 26. Kb2 Bb6 27. Ra1 Nxc2
28. Qxc2 Bxg1 29. axb5 Bd4 30. Rxa6 Qb7 31. Qa4 Rc8 32. b6+ Qc6 33. Ra7+ Kd8
34. Qxc6 Rxc6 35. Ra8+ Kd7 36. b7 Rb6 37. b8=Q Rxb8 38. Rxb8 Rxg2+ 39. Kb3 Bxc3
40. Kxc3 Rg3 41. Rh8 Rxh3 42. Kd2 Rh2+ 43. Ke1 h3 44. Rh7+ Kc6 45. Rh6 Kb5 46.
Rxd6 Ra2 47. Rh6 h2 48. Kf1 Kxb4 49. Rh5 Kc3 50. Rh3 Kxd3 51. Rh4 Kc3 52. Rh3
Rf2+ 53. Ke1 Rg2 0-1

[Event "II Weekend Basso Veronese B"]
[Site "Casaleone ITA"]
[Date "2009.11.08"]
[Round "3"]
[White "Renzi, Fabrizio"]
[Black "Merci, Stefano"]
[Result "1-0"]
[WhiteElo "1473"]
[BlackElo "1488"]
[PlyCount "89"]
[EventDate "2009.11.07"]

1. c4 c5 2. Nc3 Nf6 3. g3 d6 4. Bg2 Nbd7 5. Nf3 e6 6. O-O Be7 7. d4 O-O 8. b3
e5 9. dxe5 Nxe5 10. Nxe5 dxe5 11. Qc2 Qc7 12. Bb2 a6 13. Rad1 Rb8 14. Nd5 Nxd5
15. Bxd5 Bh3 16. Bg2 Bxg2 17. Kxg2 f6 18. Rd5 Rfd8 19. Rfd1 Qc6 20. Kg1 b5 21.
R1d3 bxc4 22. Qxc4 Rxd5 23. Rxd5 Kf8 24. e4 Qb5 25. Qxb5 axb5 26. Ba3 b4 27.
Bc1 Rd8 28. Rxd8+ Bxd8 29. Be3 Bb6 30. Kf1 Ke7 31. Ke2 Kd6 32. Kd3 g6 33. g4 g5
34. Kc4 Kc6 35. f3 Ba7 36. Bf2 Bb6 37. h4 h6 38. h5 Ba7 39. Be3 Bb6 40. Bc1 Ba5
41. a3 bxa3 42. Bxa3 Bb6 43. b4 cxb4 44. Bxb4 Bd8 45. Bf8 1-0

[Event "II Weekend Basso Veronese B"]
[Site "Casaleone ITA"]
[Date "2009.11.08"]
[Round "3"]
[White "Rondelli, Roberto"]
[Black "Gioga, Michele"]
[Result "1/2-1/2"]
[WhiteElo "1533"]
[BlackElo "1680"]
[PlyCount "63"]
[EventDate "2009.11.07"]

1. Nf3 Nf6 2. d4 g6 3. c4 Bg7 4. Nc3 d6 5. e4 O-O 6. Be2 e5 7. dxe5 dxe5 8.
Qxd8 Rxd8 9. Bg5 c6 10. Nxe5 Re8 11. f4 Nbd7 12. Nxd7 Bxd7 13. Bxf6 Bxf6 14. e5
Be7 15. O-O Rad8 16. Rad1 Be6 17. Rxd8 Rxd8 18. Rd1 Rxd1+ 19. Nxd1 Kg7 20. Nc3
f6 21. Ne4 fxe5 22. fxe5 Kf7 23. Nd6+ Bxd6 24. exd6 c5 25. a3 Ke8 26. b4 b6 27.
Kf2 Kd7 28. Ke3 Kxd6 29. Kf4 h6 30. h4 Bd7 31. Bd3 Be8 32. g4 1/2-1/2

[Event "II Weekend Basso Veronese B"]
[Site "Casaleone ITA"]
[Date "2009.11.08"]
[Round "3"]
[White "Steccanella, Willi"]
[Black "Adami, Antonio"]
[Result "1-0"]
[WhiteElo "1780"]
[BlackElo "1646"]
[PlyCount "103"]
[EventDate "2009.11.07"]

1. e4 c5 2. Nc3 d6 3. f4 Nf6 4. Bc4 e6 5. e5 dxe5 6. fxe5 Nd5 7. Nf3 Be7 8. O-O
O-O 9. d3 a6 10. Qe1 f6 11. Bd2 Nc6 12. Qg3 Nd4 13. Nxd4 Nxc3 14. Nxe6 Ne2+ 15.
Kf2 Nxg3 16. Nxd8+ Kh8 17. exf6 Bxd8 18. Kxg3 Bxf6 19. Bc3 Bd7 20. Bxf6 gxf6
21. Bd5 Rab8 22. Rae1 Bc6 23. Bxc6 bxc6 24. b3 Rg8+ 25. Kf2 Rb7 26. Re6 Rbg7
27. g3 f5 28. Rf6 Rg5 29. Kg2 Re8 30. R6xf5 Re2+ 31. R1f2 Rxf2+ 32. Rxf2 Re5
33. Kf1 Kg7 34. Kg2 h5 35. Kf1 Rd5 36. Rf4 Re5 37. g4 hxg4 38. Rxg4+ Kh6 39. h4
Kh5 40. Rf4 Kg6 41. Kf2 Rd5 42. Ke3 Re5+ 43. Kd2 Kh5 44. Ra4 Rf5 45. Rxa6 Rf6
46. Ra4 Rf2+ 47. Kc3 Rf5 48. Rc4 Kg6 49. a4 Kf7 50. Re4 Rh5 51. Rg4 Rd5 52. Rg5
1-0

[Event "II Weekend Basso Veronese B"]
[Site "Casaleone ITA"]
[Date "2009.11.08"]
[Round "3"]
[White "Zanchetta, Nicola"]
[Black "Cavalleri, Giuseppe"]
[Result "1/2-1/2"]
[WhiteElo "1807"]
[BlackElo "1685"]
[PlyCount "61"]
[EventDate "2009.11.07"]

1. e4 e5 2. Nf3 d6 3. d4 exd4 4. Nxd4 Nf6 5. Nc3 Be7 6. Bc4 O-O 7. f3 Bd7 8.
Be3 Nc6 9. Qd2 Ne5 10. Bb3 c5 11. Nde2 c4 12. Ba4 Bxa4 13. Nxa4 b5 14. Nac3 Qa5
15. Nf4 Rfd8 16. Ncd5 Qxd2+ 17. Bxd2 Nxd5 18. Nxd5 Bh4+ 19. Ke2 Rd7 20. Bf4 Re8
21. Rad1 f5 22. g3 Bd8 23. exf5 Nd3+ 24. Kd2 Nf2 25. Rde1 Rf8 26. Rhf1 Nh3 27.
f6 Nxf4 28. Nxf4 Bxf6 29. Ne6 Rb8 30. b3 b4 31. Rb1 1/2-1/2

[Event "II Weekend Basso Veronese B"]
[Site "Casaleone ITA"]
[Date "2009.11.14"]
[Round "4"]
[White "Adami, Alessandro"]
[Black "Aprile, Massimo"]
[Result "1/2-1/2"]
[WhiteElo "1521"]
[BlackElo "1461"]
[PlyCount "44"]
[EventDate "2009.11.07"]

1. e4 e5 2. d4 exd4 3. Qxd4 d6 4. Bd2 Nc6 5. Qe3 Be7 6. Nc3 Nf6 7. O-O-O Be6 8.
f3 Qd7 9. g4 h6 10. h4 O-O-O 11. Bb5 a6 12. Bxc6 Qxc6 13. Nge2 d5 14. exd5 Nxd5
15. Nxd5 Rxd5 16. Nc3 Rd6 17. Qf2 Rhd8 18. Bf4 Rxd1+ 19. Rxd1 Rxd1+ 20. Kxd1
Bf6 21. Bd2 Bxc3 22. Bxc3 g6 1/2-1/2